The Usual Suspects - Statistics

General Stats
  • This quiz has been taken 41 times
  • The average score is 3 of 5
Answer Stats
Picture Answer % Correct
Dean Keaton
84%
Verbal Kint
84%
Fred Fenster
61%
Michael McManus
58%
Todd Hockney
48%
No matching quizzes found
Score Distribution
Percent of People with Each Score
Percentile by Number Answered
Your Score History
You have not taken this quiz